Kenya country gender profile. (Record no. 2060)
[ view plain ]
| 000 -LEADER | |
|---|---|
| fixed length control field | 00585cam a22002052 4500 |
| 001 - CONTROL NUMBER | |
| control field | 0000002952 |
| 005 - DATE AND TIME OF LATEST TRANSACTION | |
| control field | 20151217145732.0 |
| 008 - FIXED-LENGTH DATA ELEMENTS--GENERAL INFORMATION | |
| fixed length control field | 070424s xx 000 0 eng d |
| 020 ## - INTERNATIONAL STANDARD BOOK NUMBER | |
| International Standard Book Number | 9966410856 : |
| 040 ## - CATALOGING SOURCE | |
| Original cataloging agency | KABU |
| Transcribing agency | KABU |
| 050 #0 - LIBRARY OF CONGRESS CALL NUMBER | |
| Classification number | HG1240.5 |
| Item number | K4KK46 |
| 245 10 - TITLE STATEMENT | |
| Title | Kenya country gender profile. |
| 260 ## - PUBLICATION, DISTRIBUTION, ETC. (IMPRINT) | |
| Place of publication, distribution, etc. | Nairobi : |
| Name of publisher, distributor, etc. | ACTS, |
| Date of publication, distribution, etc. | 1994. |
| 300 ## - PHYSICAL DESCRIPTION | |
| Extent | xii, 106 p. |
| 650 #0 - SUBJECT ADDED ENTRY--TOPICAL TERM | |
| Topical term or geographic name as entry element | Women in development |
| Geographic subdivision | Kenya. |
| -- | 0000149747 |
| 908 ## - PUT COMMAND PARAMETER (RLIN) | |
| Put command parameter | 070424 |
| 950 ## - LOCAL HOLDINGS (RLIN) | |
| -- | 1 |
| Withdrawn status | Lost status | Source of classification or shelving scheme | Not for loan | Home library | Current library | Date acquired | Total Checkouts | Full call number | Barcode | Date last seen | Price effective from | Koha item type | Date last checked out |
|---|---|---|---|---|---|---|---|---|---|---|---|---|---|
| Library of Congress Classification | Kabarak, Main Campus | Kabarak, Main Campus | 17/12/2015 | HG1240.5 K4KK46 | 010435 | 17/12/2015 | 17/12/2015 | General Collection | |||||
| Library of Congress Classification | Kabarak, Main Campus | Kabarak, Main Campus | 17/12/2015 | 2 | HG1240.5 K4KK46 | 010434 | 22/02/2017 | 17/12/2015 | General Collection | 07/02/2017 | |||
| Library of Congress Classification | Kabarak, Main Campus | Kabarak, Main Campus | 17/12/2015 | HG1240.5 K4KK46 | 001940 | 17/12/2015 | 17/12/2015 | Africana Collection |